000 01224cam a22002653a 4500
001 3583
003 PGUSA
005 20140828083034.0
008 041101s2004||||xxu|||||s|||||000 e eng d
040 _aPGUSA
_beng
042 _adc
050 4 _aPQ
100 1 _aMontaigne, Michel de,
_d1533-1592
245 1 0 _aEssays of Michel de Montaigne — Volume 03
_h[electronic resource] /
_cMichel de Montaigne
260 _bProject Gutenberg,
_c2004
505 0 _aThe ceremony of the interview of princes -- That men are justly punished for being obstinate in the defence of a fort that is not in reason to be defended -- Of the punishment of cowardice -- A proceeding of some ambassadors -- Of fear -- That men are not to judge of our happiness till after death -- That to study philosophy is to learn to die -- Of the force of imagination -- That the profit of one man is the damage of another.
506 _aPublic domain in the USA.
516 _aElectronic text
653 _aFrench essays -- Translations into English
700 1 _aHazlitt, William Carew,
_d1834-1913
700 1 _aCotton, Charles,
_d1630-1687
830 0 _aProject Gutenberg
_v3583
856 4 0 _uhttp://www.gutenberg.org/ebooks/3583
942 _cEB
999 _c232912
_d232912